Komunikace v informační společnosti /

Hlavní autor: Musil, Josef, 1939-
Jazyk: Čeština
Vydáno: Praha : Univerzita Jana Amose Komenského Praha, 2007
Vydání: Vyd. 1.
Témata:
Fyzický popis: 144 s. : il. ; 23 cm
Knihy
Uloženo v:
LEADER 01762nam a2200481 a 4500
001 nkc20071763211
003 CZ PrNK
005 20080225123028.0
007 ta
008 071112s2007 xr a e p 000 0 cze
015 |a cnb001763211 
020 |a 978-80-86723-39-6  |q (brož.) 
035 |a (OCoLC)228500029 
040 |a BOA001  |b cze  |d ABA001 
072 7 |a 316.4/.7  |x Sociální interakce. Sociální komunikace  |2 Konspekt  |9 18 
072 7 |a 37.016  |x Učební osnovy. Vyučovací předměty. Učebnice  |2 Konspekt  |9 22 
080 |a 316.77  |2 MRF 
080 |a 316.774  |2 MRF 
080 |a 316.774:004.087  |2 MRF 
080 |a 316.42:004  |2 MRF 
080 |a (075.8)  |2 MRF 
100 1 |a Musil, Josef,  |d 1939-  |7 xx0015991  |4 aut 
245 1 0 |a Komunikace v informační společnosti /  |c Josef Musil 
250 |a Vyd. 1. 
260 |a Praha :  |b Univerzita Jana Amose Komenského Praha,  |c 2007 
300 |a 144 s. :  |b il. ;  |c 23 cm 
500 |a Terminologický slovník 
650 0 7 |a komunikace (sdělování)  |7 ph114956  |2 czenas 
650 0 7 |a masmédia  |7 ph115233  |2 czenas 
650 0 7 |a elektronická média  |7 ph119415  |2 czenas 
650 0 7 |a informační společnost  |7 ph114772  |2 czenas 
650 0 9 |a human communication  |2 eczenas 
650 0 9 |a mass media  |2 eczenas 
650 0 9 |a electronic media  |2 eczenas 
650 0 9 |a information society  |2 eczenas 
655 7 |a učebnice vysokých škol  |7 fd133772  |2 czenas 
655 9 |a textbooks (higher)  |2 eczenas 
910 2 |a BOA001  |b 2-1194.630 
990 |a BK 
995 |a 01 
991 |b 200711  |c NOV 
996 6 |b 2610325019  |c 2-1194.630  |l MZK  |r Sklad / do 1 hodiny  |n 13  |p p.v.  |w 000875422  |u 000010  |a 1  |e BOA001  |j MZK50  |s P 
996 7 |b 2610333825  |c 2-1194.630  |l Vol.výběr  |r VV 0p  |n 46  |p kup  |h 316 MUS  |w 000875422  |u 000020  |a 0  |e BOA001  |j MZK50  |s A